000 01702cim a22003974a 4500
999 _c127179
_d127179
001 13458022
003 ARRUPE
005 20171107100032.0
007 ss lsnjlcmnnce
008 040114s2003 nyunnn f| eng
010 _a 2004567972
020 _a0743530233
024 0 _a9780743530231
040 _aDLC
_cDLC
_dDLC
042 _apcc
043 _aa-af---
050 0 0 _aPR-518-1
100 1 _aHosseini, Khaled.
_937397
245 1 4 _aThe kite runner
_h[sound recording] /
_cKhaled Hosseini.
260 _aNew York :
_bSimon & Schuster Audio,
_cp2003.
300 _a8 sound cassettes (ca. 12 hrs.) :
_banalog, Dolby processed.
306 _a120000
500 _aUnabridged.
500 _aIn container (18 cm.).
511 0 _aRead by the author.
520 _aStory of the friendship between two boys growing up in Kabul during the final days of the monarchy. When Amir is forced to flee with his prominent and wealthy father for a new life in California, he leaves behind Hassan, the son of his father's servant. Amir cannot, however, leave the memory of Hassan behind him.
650 0 _aBetrayal
_vFiction.
_937398
650 0 _aBoys
_vFiction.
_937399
650 0 _aMale friendship
_vFiction.
_937400
650 0 _aSocial classes
_vFiction.
_937401
651 0 _aKabul (Afghanistan)
_vFiction.
_937402
651 0 _aAfghanistan
_vFiction.
_937403
856 4 2 _3Contributor biographical information
_uhttp://www.loc.gov/catdir/bios/simon053/2004567972.html
856 4 2 _3Publisher description
_uhttp://www.loc.gov/catdir/description/simon052/2004567972.html
906 _a7
_bcbc
_corignew
_d3
_encip
_f20
_gy-genmusic
942 _2lcc
_cMONOGRAPH